| 000 | 00826nam a2200277Ia 4500 | ||
|---|---|---|---|
| 008 | 220204s9999 xx 000 0 und d | ||
| 082 |
_a573.6:63 _bAUG;1 |
||
| 245 | 0 | _aBiotechnology for solving agricultural problems | |
| 260 |
_aNetherland _bMartinus Nijhoff _c1986 |
||
| 490 | _aBeltsville symposia in agricultural research. 10 | ||
| 650 | _aDrosophila embre | ||
| 650 | _aFlow cytometry | ||
| 650 | _aGametoclonal variation | ||
| 650 | _aGene mapping | ||
| 650 | _aGenetic engineering | ||
| 650 | _aGermline transformation | ||
| 650 | _aInsect pest control | ||
| 650 | _aIron assimilation | ||
| 650 | _aPolygenic trait | ||
| 650 | _aPronuclear transplantation | ||
| 650 | _aRecombinant DNA | ||
| 650 | _aRoot culture | ||
| 650 | _aSomaclonal variation | ||
| 700 | _aAUGUSTINE, Patricia | ||
| 942 | _cBK | ||
| 999 |
_c39497 _d39497 |
||